[Event "XII Festival Magistrale"]
[Site "Barcellona Pozzo di Gotto ITA"]
[Date "1991.07.??"]
[Round "9"]
[White "Fabiano, Giuseppe"]
[Black "Vukovic, Zdravko"]
[Result "0-1"]
[WhiteElo "2270"]
[BlackElo "2400"]
[PlyCount "76"]
[EventDate "1991.07.20"]

1. c4 e6 2. Nc3 d5 3. cxd5 exd5 4. d4 c6 5. Bf4 Bd6 6. Bxd6 Qxd6 7. e3 Bf5 8.
g4 Bg6 9. Nge2 h5 10. g5 h4 11. Nf4 Bf5 12. Qd2 Ne7 13. f3 Ng6 14. Nd3 Qe7 15.
Rg1 Rh5 16. e4 Be6 17. Nc5 Nd7 18. Nxe6 Qxe6 19. O-O-O dxe4 20. fxe4 O-O-O 21.
Kb1 Kb8 22. h3 Rhh8 23. d5 Qd6 24. Qf2 Qc5 25. Qh2+ Nde5 26. Rc1 Qe3 27. Bc4
Qf4 28. Qe2 Qf3 29. Qh2 Qf4 30. Qe2 Nxc4 31. Qxc4 Ne5 32. Qa4 Qe3 33. Rgf1 Qxh3
34. dxc6 bxc6 35. Rf5 Rhe8 36. Qa5 Qd3+ 37. Rc2 h3 38. Na4 h2 0-1

[Event "XII Festival Magistrale"]
[Site "Barcellona Pozzo di Gotto ITA"]
[Date "1991.07.??"]
[Round "9"]
[White "Mihic, Vladimir"]
[Black "Genovese, Maurizio"]
[Result "0-1"]
[WhiteElo "2210"]
[BlackElo "2180"]
[PlyCount "116"]
[EventDate "1991.07.20"]

1. e4 d6 2. d4 Nf6 3. Nc3 c6 4. Nf3 Bg4 5. Be2 e6 6. O-O d5 7. exd5 cxd5 8. Ne5
Bxe2 9. Qxe2 Nc6 10. Qb5 Qb6 11. a4 Nd7 12. Nxc6 bxc6 13. Qd3 Be7 14. Bf4 O-O
15. a5 Qb7 16. Rfb1 c5 17. dxc5 Nxc5 18. Qg3 Rac8 19. h3 Rfd8 20. Bh6 Bf6 21.
Bg5 Bxg5 22. Qxg5 d4 23. b4 Nd7 24. Na4 Qe4 25. Ra2 h6 26. Qe7 Qd5 27. Rab2 Re8
28. Qh4 Ne5 29. b5 Nc4 30. Rb4 e5 31. b6 axb6 32. Nxb6 Nxb6 33. axb6 Rxc2 34.
b7 Rb8 35. Qg3 f6 36. Rb5 Rc5 37. Rxc5 Qxc5 38. Qb3+ Kf8 39. Qb2 Qe7 40. Qb6 d3
41. Kf1 e4 42. Qc6 Kf7 43. Qd5+ Qe6 44. Qc5 Qa2 45. Qb6 Kg6 46. Qb5 Qc2 47. g4
Kh7 48. Ra1 d2 49. Qf5+ Kh8 50. Qd7 e3 51. fxe3 Rg8 52. Qd4 Re8 53. Kg1 Rb8 54.
Qd7 Qc3 55. Qd4 Qc1+ 56. Kf2 Qc2 57. Kf3 Rxb7 58. Ra8+ Kh7 0-1

[Event "XII Festival Magistrale"]
[Site "Barcellona Pozzo di Gotto ITA"]
[Date "1991.07.??"]
[Round "9"]
[White "Mohr, Georg"]
[Black "Cappellani, Vincenzo"]
[Result "1/2-1/2"]
[WhiteElo "2465"]
[BlackElo "2105"]
[PlyCount "38"]
[EventDate "1991.07.20"]

1. Nf3 Nf6 2. c4 g6 3. Nc3 Bg7 4. e4 d6 5. d4 O-O 6. Be2 e5 7. Be3 Nbd7 8. O-O
Nh5 9. dxe5 dxe5 10. c5 Nf4 11. Bc4 a5 12. a3 Qe7 13. b4 axb4 14. axb4 Rxa1 15.
Qxa1 c6 16. Ne2 Nf6 17. Qxe5 Qxe5 18. Nxe5 Nxe2+ 19. Bxe2 Nxe4 1/2-1/2